[Event "SR 2. liga A 2008/2009"]
[Site "?"]
[Date "2009.01.10"]
[Round "7.8"]
[White "Diviak, Rastislav"]
[Black "Bincik, Pavol"]
[Result "1/2-1/2"]
[WhiteElo "2022"]
[BlackElo "1890"]
[PlyCount "53"]
[EventDate "2008.??.??"]
[WhiteTeam "Slovakia"]
[BlackTeam "II"]
[WhiteTeamCountry "SVK"]
[BlackTeamCountry "SVK"]

1. e4 c6 2. d4 d5 3. Nc3 dxe4 4. Nxe4 Bf5 5. Ng3 Bg6 6. h4 h6 7. Nf3 Nd7 8. h5
Bh7 9. Bd3 Bxd3 10. Qxd3 Qc7 11. Bd2 Ngf6 12. O-O-O O-O-O 13. Ne4 e6 14. g3 Nc5
15. Nxc5 Bxc5 16. Bf4 Bd6 17. Bxd6 Rxd6 18. Qe2 Rhd8 19. c3 Nd5 20. Ne5 Qe7 21.
Rhe1 Kb8 22. f4 Nf6 23. g4 Nd7 24. Kc2 Nxe5 25. Qxe5 Qf6 26. Qxf6 gxf6 27. Rg1
1/2-1/2

[Event "SR 2. liga A 2008/2009"]
[Site "?"]
[Date "2009.01.10"]
[Round "7.8"]
[White "Hecht, Tomas"]
[Black "Durovka, Stefan"]
[Result "1-0"]
[WhiteElo "1981"]
[BlackElo "1875"]
[PlyCount "149"]
[EventDate "2008.??.??"]
[WhiteTeam "Slovakia"]
[BlackTeam "II"]
[WhiteTeamCountry "SVK"]
[BlackTeamCountry "SVK"]

1. e4 e5 2. Nf3 d6 3. d4 exd4 4. Nxd4 Nf6 5. Nc3 Be7 6. Be2 Nbd7 7. O-O Ne5 8.
f4 Ng6 9. f5 Ne5 10. Bf4 c6 11. Kh1 Qb6 12. Rb1 a5 13. h3 Qc7 14. a4 b6 15.
Bxe5 dxe5 16. Nxc6 O-O 17. Nxe7+ Qxe7 18. Qd2 Bb7 19. Qe3 Rfb8 20. Bf3 h6 21.
Rfd1 Qb4 22. g4 Bc6 23. Rg1 Nh7 24. h4 f6 25. b3 Rd8 26. Be2 Qd4 27. Bc4+ Kh8
28. Qxd4 exd4 29. Nd5 Rab8 30. Rbd1 Nf8 31. Rxd4 Nd7 32. Ne7 Ne5 33. Nxc6 Nxc6
34. Rdd1 Ne5 35. Be2 Rbc8 36. Rxd8+ Rxd8 37. Rd1 Rc8 38. c4 Kg8 39. Kg2 Kf8 40.
Kg3 Ke7 41. Kf4 Nd7 42. Rd5 Nc5 43. Bd1 Rc7 44. e5 fxe5+ 45. Kxe5 Nd7+ 46. Kf4
Nf6 47. Re5+ Kf7 48. g5 hxg5+ 49. hxg5 Nd7 50. Bh5+ Kg8 51. Re7 Rb7 52. Bf7+
Kf8 53. f6 gxf6 54. gxf6 Nc5 55. Rxb7 Nxb7 56. Bd5 Nc5 57. Ke5 Nxb3 58. Kd6 Nc5
59. Bc6 Nd3 60. Kc7 Nb2 61. Bb5 Nd3 62. Kxb6 Kf7 63. c5 Nf4 64. c6 Nd5+ 65. Kb7
Kxf6 66. c7 Ne7 67. c8=Q Nxc8 68. Kxc8 Ke6 69. Kb7 Kd6 70. Kb6 Kd5 71. Kxa5 Kc5
72. Ka6 Kd6 73. Kb6 Ke7 74. a5 Kd8 75. Kb7 1-0

[Event "SR 2. liga A 2008/2009"]
[Site "?"]
[Date "2009.01.10"]
[Round "7.8"]
[White "Labar, Eduard"]
[Black "Feder, Marek"]
[Result "1/2-1/2"]
[WhiteElo "2051"]
[BlackElo "1371"]
[PlyCount "62"]
[EventDate "2008.??.??"]
[WhiteTeam "Slovakia"]
[BlackTeam "II"]
[WhiteTeamCountry "SVK"]
[BlackTeamCountry "SVK"]

1. d4 d5 2. Nf3 Nf6 3. Bf4 Nc6 4. c3 Bf5 5. e3 e6 6. Bd3 Bg4 7. Nbd2 Bd6 8. Bg3
Bxg3 9. hxg3 h6 10. Qa4 a6 11. Ne5 Qd6 12. Nxg4 Nxg4 13. Rh3 O-O 14. Be2 Nf6
15. f4 Ne7 16. g4 Nh7 17. O-O-O f6 18. Nf3 c5 19. dxc5 Qxc5 20. Qd4 Rac8 21.
Bd3 Qxd4 22. exd4 f5 23. g5 hxg5 24. fxg5 g6 25. Rh6 Rf7 26. Re1 Nf8 27. Kd2
Rh7 28. Rhh1 Re8 29. b3 Nc6 30. Rxh7 Kxh7 31. c4 Re7 1/2-1/2

[Event "SR 2. liga A 2008/2009"]
[Site "?"]
[Date "2009.01.10"]
[Round "7.8"]
[White "Mosny, Jaroslav"]
[Black "Racik, Marek"]
[Result "1-0"]
[WhiteElo "2018"]
[BlackElo "1932"]
[PlyCount "111"]
[EventDate "2008.??.??"]
[WhiteTeam "Slovakia"]
[BlackTeam "II"]
[WhiteTeamCountry "SVK"]
[BlackTeamCountry "SVK"]

1. d4 Nf6 2. Nf3 e6 3. e3 c5 4. Bd3 Nc6 5. O-O b6 6. c4 Bb7 7. b3 d5 8. cxd5
exd5 9. Bb2 Bd6 10. Nbd2 O-O 11. Ne5 cxd4 12. Nxc6 Bxc6 13. Bxd4 Ne4 14. Rc1
Nxd2 15. Qxd2 Bd7 16. Qb2 f6 17. Rfd1 Qe7 18. Qe2 Rac8 19. Rxc8 Bxc8 20. Qf3
Bb7 21. Rc1 Be5 22. Qh5 g6 23. Qh4 Qa3 24. Rc2 Rc8 25. Rxc8+ Bxc8 26. g3 Bxd4
27. Qxd4 Bh3 28. Qa1 Qb4 29. Bf1 Bxf1 30. Kxf1 Kf7 31. Ke2 Qc5 32. Kd2 Ke6 33.
Qc3 Qd6 34. Qc8+ Ke5 35. f4+ Ke4 36. Qc2+ Kf3 37. Kd3 Kg4 38. Qg2 h5 39. h3+
Kf5 40. g4+ Ke6 41. gxh5 gxh5 42. Qg8+ Kd7 43. Qf7+ Kc6 44. Qxh5 Qe6 45. Qf3
Kc5 46. h4 Qf5+ 47. Kc3 Qb1 48. Qe2 Qe4 49. Qd3 Qb4+ 50. Kb2 Kd6 51. Qc3 Qe4
52. Qxf6+ Kc5 53. Qd4+ Qxd4+ 54. exd4+ Kxd4 55. h5 Ke3 56. h6 1-0

[Event "SR 2. liga A 2008/2009"]
[Site "?"]
[Date "2009.01.10"]
[Round "7.8"]
[White "Novak, Stanislav"]
[Black "Vrba, Michal"]
[Result "0-1"]
[WhiteElo "1997"]
[BlackElo "1974"]
[PlyCount "134"]
[EventDate "2008.??.??"]
[WhiteTeam "Slovakia"]
[BlackTeam "II"]
[WhiteTeamCountry "SVK"]
[BlackTeamCountry "SVK"]

1. e4 d5 2. exd5 Qxd5 3. Nc3 Qa5 4. Nf3 Nf6 5. Bc4 c6 6. O-O Bg4 7. d4 e6 8. h3
Bh5 9. Be3 Nbd7 10. a3 Bd6 11. b4 Qc7 12. Be2 Nb6 13. b5 O-O 14. bxc6 bxc6 15.
a4 a5 16. Ng5 Bg6 17. Bd3 Nbd5 18. Nxd5 cxd5 19. Rb1 Bb4 20. Bd2 Bxd3 21. cxd3
Rfb8 22. Be3 Ra6 23. g3 Bd6 24. Qe2 Rab6 25. Rxb6 Rxb6 26. Rc1 Rc6 27. Rxc6
Qxc6 28. Qd1 h6 29. Nf3 Nd7 30. Bd2 Bc7 31. Qb3 Kf8 32. Qc3 Qxc3 33. Bxc3 Nb8
34. Ne5 f6 35. Ng4 Nc6 36. Kf1 Bb6 37. Ne3 Bxd4 38. Bd2 Ke7 39. Nc2 Bb2 40. Ke2
Kd6 41. Kd1 Kc5 42. Ne3 Ba3 43. Nc2 Bb4 44. Be3+ d4 45. Bc1 Ne5 46. Ke2 Nd7 47.
Na1 e5 48. Nb3+ Kb6 49. f3 Kc6 50. Bd2 Bxd2 51. Kxd2 Kb6 52. Kc2 Nc5 53. Nd2
Nxa4 54. Nc4+ Kb5 55. Nd6+ Kb4 56. Nf5 Nc5 57. Nxg7 a4 58. Ne8 Nd7 59. g4 a3
60. Nd6 a2 61. Kb2 a1=Q+ 62. Kxa1 Kc3 63. Kb1 Kxd3 64. Kc1 Ke3 65. h4 Kxf3 66.
Nf5 Kxg4 67. Nxh6+ Kxh4 0-1

[Event "SR 2. liga A 2008/2009"]
[Site "?"]
[Date "2009.01.10"]
[Round "7.8"]
[White "Ujhelyi, Matus"]
[Black "Visnovsky, Marek"]
[Result "1-0"]
[WhiteElo "1926"]
[BlackElo "1640"]
[PlyCount "87"]
[EventDate "2008.??.??"]
[WhiteTeam "Slovakia"]
[BlackTeam "II"]
[WhiteTeamCountry "SVK"]
[BlackTeamCountry "SVK"]

1. e4 Nf6 2. e5 Nd5 3. d4 d6 4. c4 Nb6 5. f4 dxe5 6. fxe5 Nc6 7. Be3 Bf5 8. Nc3
e6 9. Nf3 Be7 10. Be2 O-O 11. O-O f6 12. a3 Nd7 13. exf6 Bxf6 14. Rc1 a6 15.
Qd2 Qe7 16. b4 Nb6 17. Qa2 Rad8 18. Rfd1 Kh8 19. Qb3 Bg4 20. d5 exd5 21. Nxd5
Nxd5 22. cxd5 Ne5 23. Bc5 Nxf3+ 24. Bxf3 Qd7 25. Bxg4 Qxg4 26. Bxf8 Rxf8 27.
Qc4 Qxc4 28. Rxc4 Be5 29. Re1 Bd6 30. Rce4 Kg8 31. Re8 h6 32. h3 Kf7 33. Rxf8+
Kxf8 34. Kf2 Kf7 35. Kf3 g6 36. Ke4 Bg3 37. Re3 Bd6 38. Kd4 Kf8 39. Kc4 Kf7 40.
a4 Kf8 41. a5 Kf7 42. b5 axb5+ 43. Kxb5 Be7 44. Rb3 1-0

[Event "SR 2. liga A 2008/2009"]
[Site "?"]
[Date "2009.01.31"]
[Round "8.1"]
[White "Doucha, Ludvik"]
[Black "Schwarz, Dusan"]
[Result "0-1"]
[WhiteElo "2080"]
[BlackElo "2338"]
[PlyCount "58"]
[EventDate "2008.??.??"]
[WhiteTeam "Slovakia"]
[BlackTeam "II"]
[WhiteTeamCountry "SVK"]
[BlackTeamCountry "SVK"]

1. d4 d5 2. c4 c6 3. Nc3 Nf6 4. Nf3 e6 5. Bg5 dxc4 6. e4 b5 7. e5 h6 8. Bh4 g5
9. Nxg5 hxg5 10. Bxg5 Nbd7 11. exf6 Bb7 12. g3 Qc7 13. Bg2 c5 14. d5 Qe5+ 15.
Qe2 b4 16. dxe6 Qxe2+ 17. Nxe2 Bxg2 18. exd7+ Kxd7 19. O-O-O+ Kc6 20. h4 Bxh1
21. Rxh1 Bh6 22. f4 Rae8 23. Kd2 Re4 24. Rf1 Rd8+ 25. Ke1 Bxg5 26. fxg5 c3 27.
bxc3 bxc3 28. g6 c2 29. Kf2 fxg6 0-1

[Event "SR 2. liga A 2008/2009"]
[Site "?"]
[Date "2009.01.31"]
[Round "8.1"]
[White "Frindt, Kornel"]
[Black "Tibensky, Robert"]
[Result "0-1"]
[WhiteElo "2151"]
[BlackElo "2391"]
[PlyCount "127"]
[EventDate "2008.??.??"]
[WhiteTeam "Slovakia"]
[BlackTeam "II"]
[WhiteTeamCountry "SVK"]
[BlackTeamCountry "SVK"]

1. e4 e6 2. d4 d5 3. e5 c5 4. c3 Nc6 5. Nf3 Bd7 6. Be2 Rc8 7. O-O cxd4 8. cxd4
Nge7 9. a3 Nf5 10. b4 Qb6 11. Bb2 Be7 12. Qd2 h5 13. Rd1 a6 14. Nc3 Na7 15.
Rdb1 g6 16. Ra2 Kf8 17. Ba1 Kg7 18. g3 Qc7 19. h3 Nb5 20. Nd1 Qd8 21. Bd3 Nc7
22. Nc3 Na8 23. Qd1 Nb6 24. Bc2 Nc4 25. Qd3 b5 26. Ne2 a5 27. Bc3 Qc7 28. Bd1
Ra8 29. Raa1 Ra7 30. Nd2 Rha8 31. Nb3 axb4 32. axb4 Rxa1 33. Rxa1 Rxa1 34. Nxa1
Qa7 35. Qb1 Bf8 36. Nb3 Ne7 37. Nc5 Nc6 38. Qc1 Be8 39. Nf4 Bxc5 40. bxc5 b4
41. Bd2 Nxd2 42. Qxd2 Qa1 43. Nd3 Qxd4 44. Qe2 Qc3 45. Qc2 Qa1 46. Kg2 b3 47.
Qd2 Nxe5 48. Bxb3 Nxd3 49. Qxd3 Bc6 50. f4 Kg8 51. g4 hxg4 52. hxg4 Qb2+ 53.
Qc2 Qd4 54. Kf3 Qg1 55. Ba4 Bxa4 56. Qxa4 Qxc5 57. Qa8+ Kh7 58. Qa1 d4 59. Qh1+
Kg7 60. Kg3 Qc3+ 61. Kh4 d3 62. Qd1 d2 63. Qa4 e5 64. f5 0-1

[Event "SR 2. liga A 2008/2009"]
[Site "?"]
[Date "2009.01.31"]
[Round "8.1"]
[White "Gasa, Andrej"]
[Black "Janos, Martin"]
[Result "1-0"]
[WhiteElo "2201"]
[BlackElo "2210"]
[PlyCount "101"]
[EventDate "2008.??.??"]
[WhiteTeam "Slovakia"]
[BlackTeam "II"]
[WhiteTeamCountry "SVK"]
[BlackTeamCountry "SVK"]

1. e4 c5 2. Nf3 Qa5 3. Nc3 Nc6 4. Bc4 e6 5. O-O a6 6. Re1 d6 7. d3 Be7 8. a4
Bf6 9. Ne2 Nge7 10. c3 Ne5 11. Nxe5 dxe5 12. Be3 O-O 13. Qd2 Nc6 14. g3 Bd7 15.
f4 Rac8 16. Rf1 Ne7 17. Qc2 Qc7 18. a5 Rfd8 19. Nc1 Bb5 20. Bxb5 axb5 21. Qf2
Ng6 22. f5 exf5 23. Qxf5 Qd7 24. Qxd7 Rxd7 25. b3 Nf8 26. Ra2 Ne6 27. Kf2 c4
28. dxc4 bxc4 29. b4 Nc7 30. Ne2 Rd3 31. Rd2 Rxe3 32. Kxe3 Bg5+ 33. Nf4 Ne6 34.
Rd7 Rb8 35. Rd5 f6 36. Rd6 Re8 37. Rd7 Bh6 38. Rxb7 exf4+ 39. gxf4 f5 40. e5 g5
41. a6 gxf4+ 42. Kf2 Ra8 43. a7 Bf8 44. Rg1+ Kh8 45. Ra1 Kg8 46. Ra6 Nd8 47.
Rb8 Rxa7 48. Rxa7 Nc6 49. Raa8 Nxb8 50. Rxb8 Kf7 51. Rxf8+ 1-0

[Event "SR 2. liga A 2008/2009"]
[Site "?"]
[Date "2009.01.31"]
[Round "8.1"]
[White "Rohacek, Miroslav"]
[Black "Cvicela, Anton"]
[Result "1-0"]
[WhiteElo "2215"]
[BlackElo "2217"]
[PlyCount "43"]
[EventDate "2008.??.??"]
[WhiteTeam "Slovakia"]
[BlackTeam "II"]
[WhiteTeamCountry "SVK"]
[BlackTeamCountry "SVK"]

1. e4 c5 2. Nf3 Nf6 3. e5 Nd5 4. b3 d6 5. Bb2 Nc6 6. Bb5 Bd7 7. exd6 e6 8. O-O
Qb6 9. Na3 Bxd6 10. Nc4 Qc7 11. Nxd6+ Qxd6 12. d4 cxd4 13. Nxd4 O-O-O 14. Be2
Nf4 15. Nb5 Qd5 16. f3 Qg5 17. g3 Be8 18. Qe1 Rd2 19. Bc4 Rg2+ 20. Kh1 Qh5 21.
h4 Qf5 22. Nd6+ 1-0

[Event "SR 2. liga A 2008/2009"]
[Site "?"]
[Date "2009.01.31"]
[Round "8.1"]
[White "Tepper, Frantisek"]
[Black "Federic, Jozef"]
[Result "1/2-1/2"]
[WhiteElo "2162"]
[BlackElo "2239"]
[PlyCount "85"]
[EventDate "2008.??.??"]
[WhiteTeam "Slovakia"]
[BlackTeam "II"]
[WhiteTeamCountry "SVK"]
[BlackTeamCountry "SVK"]

1. e4 c5 2. Nf3 e6 3. c3 Nf6 4. d3 d6 5. Be2 b6 6. Nbd2 Bb7 7. O-O g6 8. Re1
Bg7 9. Nf1 O-O 10. Ng3 b5 11. Bd2 Nbd7 12. h3 Nb6 13. Qc1 Re8 14. Bh6 Bh8 15.
Nh2 Rc8 16. Bf3 Ba8 17. Qd2 a5 18. Rac1 Qd7 19. Qf4 Qc7 20. Qh4 Nbd7 21. Bg5
Qb8 22. Be2 Bg7 23. Bh6 b4 24. Bxg7 Kxg7 25. c4 Bc6 26. f4 Qc7 27. Bf3 e5 28.
f5 h6 29. fxg6 fxg6 30. Ngf1 Nf8 31. Ng4 Nxg4 32. Bxg4 Rcd8 33. Ne3 Qe7 34.
Qxe7+ Rxe7 35. h4 h5 36. Bh3 Nh7 37. Rf1 Rf8 38. Rxf8 Kxf8 39. Rf1+ Rf7 40.
Rxf7+ Kxf7 41. g3 Nf6 42. Kf2 a4 43. Ke2 1/2-1/2

[Event "SR 2. liga A 2008/2009"]
[Site "?"]
[Date "2009.01.31"]
[Round "8.1"]
[White "Varga, David"]
[Black "Mihalik, Marek"]
[Result "1/2-1/2"]
[WhiteElo "2270"]
[BlackElo "2098"]
[PlyCount "77"]
[EventDate "2008.??.??"]
[WhiteTeam "Slovakia"]
[BlackTeam "II"]
[WhiteTeamCountry "SVK"]
[BlackTeamCountry "SVK"]

1. e4 c5 2. Nf3 d6 3. d4 cxd4 4. Nxd4 Nf6 5. Nc3 a6 6. Bc4 e6 7. Bg5 h6 8. Bxf6
Qxf6 9. Qd2 Nc6 10. O-O-O Nxd4 11. Qxd4 Qxd4 12. Rxd4 Be7 13. Na4 O-O 14. Nb6
Rb8 15. Bb3 Rd8 16. f4 Bd7 17. f5 exf5 18. Rf1 Be6 19. Bxe6 fxe6 20. exf5 exf5
21. Rxf5 Rf8 22. Rf3 Rxf3 23. gxf3 Bg5+ 24. f4 Be7 25. c4 Kf7 26. b4 Bf8 27.
Kd2 Re8 28. Nd7 Ke6 29. Nxf8+ Rxf8 30. Ke3 Rf5 31. Ke4 Rh5 32. Rd2 Rh4 33. Re2
g5 34. Kd3+ Kd7 35. fxg5 hxg5 36. Rg2 Kc6 37. a4 b5 38. cxb5+ axb5 39. axb5+
1/2-1/2

[Event "SR 2. liga A 2008/2009"]
[Site "?"]
[Date "2009.01.31"]
[Round "8.2"]
[White "Banas, Kamil"]
[Black "Fabry, Robert"]
[Result "1-0"]
[WhiteElo "2256"]
[BlackElo "2185"]
[PlyCount "57"]
[EventDate "2008.??.??"]
[WhiteTeam "Slovakia"]
[BlackTeam "II"]
[WhiteTeamCountry "SVK"]
[BlackTeamCountry "SVK"]

1. e4 e5 2. Nf3 Nc6 3. Bb5 a6 4. Ba4 Nf6 5. O-O Be7 6. Re1 b5 7. Bb3 O-O 8. h3
d6 9. c3 Be6 10. Bxe6 fxe6 11. a4 Rb8 12. d3 h6 13. b4 Qe8 14. Qb3 Qf7 15. axb5
axb5 16. Ra6 Nd8 17. Be3 Nh5 18. d4 exd4 19. cxd4 Nf4 20. Nbd2 e5 21. Bxf4 exf4
22. Qc3 c6 23. Ra7 Qe8 24. Nb3 Rc8 25. e5 d5 26. e6 Rf6 27. Nc5 Bxc5 28. dxc5
Nxe6 29. Nd4 1-0

[Event "SR 2. liga A 2008/2009"]
[Site "?"]
[Date "2009.01.31"]
[Round "8.2"]
[White "Klemanic, Emil"]
[Black "Petrik, Stanislav"]
[Result "1/2-1/2"]
[WhiteElo "2230"]
[BlackElo "2215"]
[PlyCount "124"]
[EventDate "2008.??.??"]
[WhiteTeam "Slovakia"]
[BlackTeam "II"]
[WhiteTeamCountry "SVK"]
[BlackTeamCountry "SVK"]

1. e4 c5 2. Nc3 Nc6 3. g3 g6 4. Bg2 Bg7 5. d3 e6 6. f4 Nge7 7. Be3 b6 8. e5 d6
9. Nf3 O-O 10. O-O Rb8 11. exd6 Qxd6 12. Qd2 Bb7 13. Rae1 c4 14. dxc4 Qb4 15.
Nd1 Qxc4 16. b3 Qd5 17. Ne5 Qxd2 18. Bxd2 Rfd8 19. Bc3 Nxe5 20. Bxe5 Bxe5 21.
fxe5 Rd2 22. Bxb7 Rxb7 23. Rf2 Rbd7 24. Nb2 Nc6 25. Nd3 Rxf2 26. Kxf2 Nd4 27.
Re4 Nxc2 28. Ke2 Rd4 29. Rxd4 Nxd4+ 30. Ke3 Nc6 31. Ke4 Kf8 32. g4 h6 33. h4
Ke7 34. g5 h5 35. b4 Kd7 36. b5 Ne7 37. Ne1 Kc7 38. Nf3 Nd5 39. Kd4 Nb4 40. a4
Kb7 41. Kc4 Nd5 42. Nd2 Ne3+ 43. Kd3 Nf5 44. Nf3 a6 45. Kc3 a5 46. Kd3 Kc7 47.
Kd2 Ng3 48. Kd3 Kd7 49. Ke3 Kc7 50. Kd3 Nf5 51. Kd2 Ne7 52. Kd3 Nd5 53. Kd4 Nb4
54. Kc3 Kd7 55. Kc4 Nc2 56. Kd3 Nb4+ 57. Kc4 Ke7 58. Nd4 Nd5 59. Nf3 Ne3+ 60.
Kd3 Nd1 61. Kc2 Ne3+ 62. Kd3 Nf5 1/2-1/2

[Event "SR 2. liga A 2008/2009"]
[Site "?"]
[Date "2009.01.31"]
[Round "8.2"]
[White "Kubon, Kamil"]
[Black "Pagerka, Martin"]
[Result "0-1"]
[WhiteElo "2044"]
[BlackElo "1998"]
[PlyCount "84"]
[EventDate "2008.??.??"]
[WhiteTeam "Slovakia"]
[BlackTeam "II"]
[WhiteTeamCountry "SVK"]
[BlackTeamCountry "SVK"]

1. d4 Nf6 2. c4 e6 3. Nc3 Bb4 4. Qc2 b6 5. e4 Bb7 6. Bd3 d5 7. cxd5 exd5 8. e5
Ne4 9. a3 Bxc3+ 10. bxc3 Nd7 11. Ne2 c5 12. O-O Rc8 13. Qb1 h6 14. Be3 Qe7 15.
f3 Ng5 16. Ng3 g6 17. f4 Nh7 18. f5 Ng5 19. fxg6 fxg6 20. Bxg6+ Kd8 21. Nf5 Qe6
22. Nd6 Ba6 23. Bxg5+ hxg5 24. Rf2 Kc7 25. Nxc8 Bxc8 26. Qf5 Qc6 27. Qb1 Nf8
28. Rf6 Be6 29. Bf7 cxd4 30. cxd4 Kb8 31. Qb2 Qd7 32. Bxe6 Nxe6 33. g3 g4 34.
Qd2 Rh5 35. Rg6 Qf7 36. Rxg4 Qf3 37. Rg8+ Kb7 38. Rf1 Qe4 39. Rf7+ Ka6 40. Re7
Nxd4 41. Rf8 Ne2+ 42. Kf2 Rxh2+ 0-1

[Event "SR 2. liga A 2008/2009"]
[Site "?"]
[Date "2009.01.31"]
[Round "8.2"]
[White "Pacher, Milan"]
[Black "Stetina, Erik"]
[Result "1-0"]
[WhiteElo "2357"]
[BlackElo "2043"]
[PlyCount "71"]
[EventDate "2008.??.??"]
[WhiteTeam "Slovakia"]
[BlackTeam "II"]
[WhiteTeamCountry "SVK"]
[BlackTeamCountry "SVK"]

1. e4 e5 2. Nf3 Nc6 3. Bb5 a6 4. Ba4 Nf6 5. O-O Be7 6. Re1 b5 7. Bb3 O-O 8. c3
d6 9. h3 Nb8 10. d4 Nbd7 11. Nbd2 Bb7 12. Bc2 Re8 13. Nf1 Bf8 14. Ng3 g6 15. b3
Bg7 16. Bb2 exd4 17. cxd4 h5 18. Qd2 h4 19. Nxh4 Nxe4 20. Bxe4 Bxe4 21. Nxe4
Qxh4 22. Qc2 Nf6 23. Nxf6+ Bxf6 24. Qxc7 Bxd4 25. Bxd4 Qxd4 26. Qc6 Red8 27.
Rad1 Qf6 28. Re3 Qb2 29. h4 Rac8 30. Qxa6 Rc2 31. Rf3 Rdc8 32. Qxb5 Rd2 33.
Rxd2 Rc1+ 34. Kh2 Qxd2 35. Qe8+ Kg7 36. Rxf7+ 1-0

[Event "SR 2. liga A 2008/2009"]
[Site "?"]
[Date "2009.01.31"]
[Round "8.2"]
[White "Pusec, Pavel"]
[Black "Petenyi, Tamas"]
[Result "0-1"]
[WhiteElo "2113"]
[BlackElo "2251"]
[PlyCount "64"]
[EventDate "2008.??.??"]
[WhiteTeam "Slovakia"]
[BlackTeam "II"]
[WhiteTeamCountry "SVK"]
[BlackTeamCountry "SVK"]

1. e4 e5 2. Nf3 Nc6 3. d4 exd4 4. Nxd4 Bc5 5. Nxc6 Qf6 6. Qf3 bxc6 7. Bc4 Qxf3
8. gxf3 Ne7 9. Bf4 d5 10. Bb3 Bb6 11. Nc3 Bb7 12. Na4 O-O-O 13. Nxb6+ axb6 14.
c4 dxe4 15. fxe4 Ng6 16. Bg3 Rhe8 17. f3 f5 18. O-O f4 19. Be1 c5 20. Rd1 Rxd1
21. Bxd1 Ne5 22. Be2 g5 23. Bc3 Bc6 24. Rd1 h6 25. Bxe5 Rxe5 26. Kf2 Re7 27.
Rd2 Rd7 28. Ke1 Rxd2 29. Kxd2 Kd7 30. Bf1 Ke6 31. Bh3+ Ke5 32. Kd3 Be8 0-1

[Event "SR 2. liga A 2008/2009"]
[Site "?"]
[Date "2009.01.31"]
[Round "8.2"]
[White "Skreno, Vladimir"]
[Black "Hrivnak, Martin"]
[Result "1/2-1/2"]
[WhiteElo "2208"]
[BlackElo "2169"]
[PlyCount "34"]
[EventDate "2008.??.??"]
[WhiteTeam "Slovakia"]
[BlackTeam "II"]
[WhiteTeamCountry "SVK"]
[BlackTeamCountry "SVK"]

1. d4 Nf6 2. Bg5 c5 3. Bxf6 exf6 4. e3 d5 5. Bb5+ Bd7 6. Bxd7+ Qxd7 7. c3 Nc6
8. Nf3 c4 9. Nbd2 Bd6 10. O-O f5 11. b3 cxb3 12. axb3 O-O 13. c4 Bb4 14. Ne1 f4
15. Nd3 Bxd2 16. Qxd2 f3 17. gxf3 Qf5 1/2-1/2

[Event "SR 2. liga A 2008/2009"]
[Site "?"]
[Date "2009.01.31"]
[Round "8.3"]
[White "Arendas, Marek"]
[Black "Polacik, Igor"]
[Result "1-0"]
[WhiteElo "2109"]
[BlackElo "2194"]
[PlyCount "35"]
[EventDate "2008.??.??"]
[WhiteTeam "Slovakia"]
[BlackTeam "II"]
[WhiteTeamCountry "SVK"]
[BlackTeamCountry "SVK"]

1. e4 e5 2. Nf3 Nc6 3. Bc4 Be7 4. d4 d6 5. dxe5 dxe5 6. Qxd8+ Bxd8 7. Nc3 Nf6
8. h3 Nd4 9. Nxd4 exd4 10. Nb5 Nxe4 11. Nxd4 Nd6 12. Bd3 Bf6 13. Nb5 Nxb5 14.
Bxb5+ Bd7 15. Bxd7+ Kxd7 16. c3 Rhe8+ 17. Be3 Bg5 18. O-O-O+ 1-0

[Event "SR 2. liga A 2008/2009"]
[Site "?"]
[Date "2009.01.31"]
[Round "8.3"]
[White "Biro, Karol"]
[Black "Varholakova, Niki"]
[Result "1/2-1/2"]
[WhiteElo "2186"]
[BlackElo "2191"]
[PlyCount "87"]
[EventDate "2008.??.??"]
[WhiteTeam "Slovakia"]
[BlackTeam "II"]
[WhiteTeamCountry "SVK"]
[BlackTeamCountry "SVK"]

1. c4 Nf6 2. Nc3 d5 3. d4 e6 4. Bg5 Be7 5. e3 O-O 6. Nf3 h6 7. Bxf6 Bxf6 8. Rc1
c6 9. e4 dxe4 10. Nxe4 Nd7 11. Qd2 Be7 12. Be2 c5 13. O-O cxd4 14. Qxd4 Nf6 15.
Qe3 Qc7 16. Nd4 a6 17. Bf3 Rd8 18. b3 e5 19. Ne2 Nxe4 20. Bxe4 Bg5 21. f4 exf4
22. Nxf4 Qe7 23. Qf3 Rd4 24. Rce1 Bg4 25. Nd5 Rxd5 26. Qxg4 Re5 27. Rf5 g6 28.
Rxe5 Qxe5 29. h4 Bd2 30. Rf1 Kg7 31. Bxb7 Re8 32. Bd5 f5 33. Qf3 Qd4+ 34. Kh2
Qxh4+ 35. Qh3 Qd4 36. Qg3 Re5 37. Rf3 f4 38. Qg4 Rh5+ 39. Rh3 Rxh3+ 40. Qxh3 h5
41. Qd7+ Kh6 42. Qe7 Qf2 43. Qf8+ Kg5 44. Qe7+ 1/2-1/2

[Event "SR 2. liga A 2008/2009"]
[Site "?"]
[Date "2009.01.31"]
[Round "8.3"]
[White "Csiba, Dominik"]
[Black "Manak, Jozef"]
[Result "1-0"]
[WhiteElo "2169"]
[BlackElo "2009"]
[PlyCount "49"]
[EventDate "2008.??.??"]
[WhiteTeam "Slovakia"]
[BlackTeam "II"]
[WhiteTeamCountry "SVK"]
[BlackTeamCountry "SVK"]

1. e4 c5 2. Nc3 Nc6 3. f4 e6 4. Nf3 d5 5. e5 h5 6. d4 g6 7. Be3 cxd4 8. Nxd4
Nxd4 9. Bxd4 Nh6 10. Qd2 Nf5 11. Bf2 Bb4 12. a3 Qa5 13. Bb5+ Kf8 14. axb4 Qxa1+
15. Nd1 a6 16. Bd3 Qa4 17. O-O Ne7 18. Bc5 Qc6 19. f5 exf5 20. Qg5 Qe6 21. Ne3
Ke8 22. c4 h4 23. cxd5 Qxe5 24. Nc4 f6 25. Qd2 1-0

[Event "SR 2. liga A 2008/2009"]
[Site "?"]
[Date "2009.01.31"]
[Round "8.3"]
[White "Janos, Jozef"]
[Black "Mydlarik, Martin"]
[Result "1-0"]
[WhiteElo "2244"]
[BlackElo "2124"]
[PlyCount "69"]
[EventDate "2008.??.??"]
[WhiteTeam "Slovakia"]
[BlackTeam "II"]
[WhiteTeamCountry "SVK"]
[BlackTeamCountry "SVK"]

1. d4 e6 2. e4 d5 3. Nd2 Nf6 4. e5 Nfd7 5. Bd3 c5 6. c3 Nc6 7. Ne2 cxd4 8. cxd4
b6 9. O-O Nb4 10. Bb1 Ba6 11. Nf3 Rc8 12. a3 Rxc1 13. Nxc1 Bxf1 14. Kxf1 Nc6
15. Qa4 b5 16. Qxb5 Qb6 17. Qxb6 axb6 18. Bd3 f6 19. Nb3 Kd8 20. Rc1 Kc7 21.
Bb5 Ndb8 22. Rc2 Be7 23. h4 Kb7 24. Nc1 fxe5 25. dxe5 Rf8 26. Ne2 Na7 27. Bd3
Nd7 28. Ned4 Nc5 29. Bxh7 Rh8 30. Bg6 Bxh4 31. b4 Ne4 32. g3 Bd8 33. Bf7 Nc8
34. Bxe6 Ne7 35. Nc6 1-0

[Event "SR 2. liga A 2008/2009"]
[Site "?"]
[Date "2009.01.31"]
[Round "8.3"]
[White "Krajnak, Robert"]
[Black "Syrovy, Ivan"]
[Result "1-0"]
[WhiteElo "2079"]
[BlackElo "2097"]
[PlyCount "78"]
[EventDate "2008.??.??"]
[WhiteTeam "Slovakia"]
[BlackTeam "II"]
[WhiteTeamCountry "SVK"]
[BlackTeamCountry "SVK"]

1. c4 e5 2. Nc3 d6 3. g3 Nf6 4. Bg2 c6 5. Nf3 Be7 6. c5 Bg4 7. cxd6 Bxd6 8. O-O
O-O 9. d4 exd4 10. Qxd4 Bc7 11. Qb4 Qc8 12. Rd1 Nbd7 13. Be3 Nb6 14. Rac1 a5
15. Qc5 Nbd7 16. Qg5 a4 17. Bd4 Ra5 18. Qd2 Bf5 19. Nh4 Be6 20. e4 c5 21. Be3
Rd8 22. Qc2 b5 23. Nd5 Bxd5 24. exd5 Bd6 25. Nf5 Bf8 26. d6 b4 27. Qc4 Ne5 28.
Qf4 Ng6 29. Qg5 h6 30. Nxh6+ gxh6 31. Qxf6 Bg7 32. Qf3 Bxb2 33. Qh5 Bxc1 34.
Bxc1 a3 35. Bd5 Nh8 36. Qxh6 Rxd6 37. Bxf7+ Nxf7 38. Rxd6 Nxh6 39. Rxh6 Ra7 1-0

[Event "SR 2. liga A 2008/2009"]
[Site "?"]
[Date "2009.01.31"]
[Round "8.3"]
[White "Macka, Oto"]
[Black "Hertel, Ondrej"]
[Result "1/2-1/2"]
[WhiteElo "2057"]
[BlackElo "2040"]
[PlyCount "51"]
[EventDate "2008.??.??"]
[WhiteTeam "Slovakia"]
[BlackTeam "II"]
[WhiteTeamCountry "SVK"]
[BlackTeamCountry "SVK"]

1. c4 e6 2. Nc3 d5 3. d4 c6 4. Nf3 Nf6 5. cxd5 exd5 6. Bg5 Be7 7. e3 Bg4 8. h3
Bh5 9. g4 Bg6 10. Ne5 Ne4 11. Bxe7 Qxe7 12. Bg2 Nd7 13. Nxg6 hxg6 14. Nxe4 dxe4
15. Qc2 f5 16. O-O-O Nf6 17. Qa4 Nd5 18. Rd2 a6 19. Rhd1 Qb4 20. Qxb4 Nxb4 21.
gxf5 gxf5 22. a3 Nd5 23. Re1 O-O-O 24. Rg1 Rh6 25. Bf1 g5 26. Bc4 1/2-1/2